000 00447nam a2200181Ia 4500
001 17805
005 20260306171544.0
008 260306s9999||||xx |||||||||||||| ||und||
041 _aESP
082 _a658.23
_bD69
100 _aDíaz Garay, Bertha
_eAUT
245 0 _aManual para el diseño de instalaciones manufactureras y de servicios
260 _c2017
300 _a
_c
650 _aGEN
654 _aCAN
942 _cLIB
_dJUS
_fJUS
_2ddc
_n
999 _c17805
_d17805